Sports Quiz

Random Sports or NBA Quiz

NBA Points Leaders (games 1-1250) Quiz Stats

Quiz not verified by Sporcle

Challenge
Share
Tweet
Embed
Score 0/125 Timer 10:00
0 Plays Today
Games: Player: % Correct
First 100 games:Michael Jordan
98.9%
First 250 games:Michael Jordan
98.9%
First 500 games:Michael Jordan
98.9%
First 1000 games:Michael Jordan
98.9%
First 100 games:Kareem Abdul-Jabbar
98%
First 250 games:Kareem Abdul-Jabbar
98%
First 500 games:Kareem Abdul-Jabbar
98%
First 1000 games:Kareem Abdul-Jabbar
98%
First 1250 games:Kareem Abdul-Jabbar
98%
First 100 games:LeBron James
96.2%
First 250 games:LeBron James
96.2%
First 500 games:LeBron James
96.2%
First 1000 games:LeBron James
96.2%
First 100 games:Shaquille O'Neal
94.7%
First 250 games:Shaquille O'Neal
94.7%
First 500 games:Shaquille O'Neal
94.7%
First 1000 games:Shaquille O'Neal
94.7%
First 1000 games:Tim Duncan
94.6%
First 1250 games:Tim Duncan
94.6%
First 500 games:Karl Malone
93.8%
First 1000 games:Karl Malone
93.8%
First 1000 games:Kobe Bryant
93.8%
First 1250 games:Karl Malone
93.8%
First 1250 games:Kobe Bryant
93.8%
First 1000 games:Dirk Nowitzki
93.1%
First 1250 games:Dirk Nowitzki
93.1%
First 100 games:Vince Carter
91.7%
First 250 games:Vince Carter
91.7%
First 500 games:Vince Carter
91.7%
First 1000 games:Vince Carter
91.7%
First 1250 games:Vince Carter
91.7%
First 100 games:David Robinson
91%
First 250 games:David Robinson
91%
First 500 games:David Robinson
91%
First 100 games:Glenn Robinson
90.8%
First 1250 games:Clifford Robinson
90.8%
First 100 games:Allen Iverson
89%
First 250 games:Allen Iverson
89%
First 500 games:Allen Iverson
89%
First 100 games:Hakeem Olajuwon
88.3%
First 250 games:Kevin Durant
88.3%
First 500 games:Kevin Durant
88.3%
Games: Player: % Correct
First 500 games:Hakeem Olajuwon
88.3%
First 1000 games:Hakeem Olajuwon
88.3%
First 1000 games:Kevin Garnett
87.8%
First 1250 games:Kevin Garnett
87.8%
First 250 games:Dwayne Wade
86.3%
First 500 games:Dwayne Wade
86.3%
First 500 games:Paul Pierce
86.1%
First 1000 games:Paul Pierce
86.1%
First 1250 games:Paul Pierce
86.1%
First 1000 games:Ray Allen
85.5%
First 1250 games:Ray Allen
85.5%
First 1000 games:Reggie Miller
85.2%
First 1250 games:Reggie Miller
85.2%
First 1250 games:Andre Miller
85.1%
First 1000 games:Clyde Drexler
84.9%
First 500 games:Patrick Ewing
84.2%
First 1000 games:Patrick Ewing
84.2%
First 250 games:Dominique Wilkins
83.7%
First 500 games:Dominique Wilkins
83.7%
First 1000 games:Dominique Wilkins
83.7%
First 250 games:Carmelo Anthony
82.8%
First 500 games:Carmelo Anthony
82.8%
First 500 games:Charles Barkley
80.3%
First 1000 games:Charles Barkley
80.3%
First 500 games:Larry Bird
79.1%
First 1250 games:John Stockton
77.9%
First 1250 games:Jason Kidd
76.4%
First 100 games:Elvin Hayes
75.5%
First 250 games:Elvin Hayes
75.5%
First 500 games:Elvin Hayes
75.5%
First 1000 games:Elvin Hayes
75.5%
First 1250 games:Elvin Hayes
75.5%
First 1250 games:Gary Payton
70.3%
First 100 games:Rick Barry
70%
First 1000 games:Alex English
67.8%
First 250 games:Bob McAdoo
66.6%
First 500 games:Bob McAdoo
66.6%
First 1250 games:Robert Parish
64.8%
First 100 games:Pete Maravich
58%
First 250 games:Pete Maravich
58%
First 500 games:Pete Maravich
58%
First 100 games:Bernard King
57.2%
Games: Player: % Correct
First 100 games:Adrian Dantley
56.2%
First 500 games:Adrian Dantley
56.2%
First 100 games:Blake Griffin
55.7%
First 1250 games:Buck Williams
52.3%
First 100 games:Mark Aguirre
50.8%
First 250 games:Mark Aguirre
50.8%
First 500 games:Mark Aguirre
50.8%
First 100 games:Walter Davis
48.5%
First 250 games:Walter Davis
48.5%
First 1000 games:Walter Davis
48.5%
First 250 games:Nate Archibald
48%
First 500 games:Nate Archibald
48%
First 100 games:Mitch Richmond
47.3%
First 250 games:Mitch Richmond
47.3%
First 1250 games:Jason Terry
44.9%
First 100 games:Dave Bing
44%
First 250 games:Dave Bing
44%
First 500 games:Dave Bing
44%
First 1250 games:Mark Jackson
43.1%
First 100 games:Earl Monroe
41.1%
First 250 games:Earl Monroe
41.1%
First 1000 games:Antawn Jamison
40.8%
First 1250 games:Terry Porter
38%
First 1000 games:Tom Chambers
36.6%
First 1250 games:Kevin Willis
34.9%
First 250 games:Kiki Vandeweghe
34%
First 500 games:Kiki Vandeweghe
34%
First 1000 games:Gail Goodrich
27.3%
First 100 games:Terry Cummings
26.7%
First 250 games:Terry Cummings
26.7%
First 1250 games:Charles Oakley
25.5%
First 1000 games:Reggie Theus
21.4%
First 1250 games:Sam Perkins
20.3%
First 100 games:Kelly Tripucka
17.3%
First 250 games:Kelly Tripucka
17.3%
First 1250 games:Otis Thorpe
16.7%
First 100 games:Geoff Petrie
12.3%
First 250 games:Geoff Petrie
12.3%
First 100 games:Sidney Wicks
11.9%
First 250 games:Sidney Wicks
11.9%
First 100 games:Bill Cartwright
6.9%

You're not logged in!

Compare scores with friends on all Sporcle quizzes.
Sign Up with Email
OR
Log In

You Might Also Like...

Show Comments

Extras

Top Quizzes Today


Score Distribution

Your Account Isn't Verified!

In order to create a playlist on Sporcle, you need to verify the email address you used during registration. Go to your Sporcle Settings to finish the process.